|
|
|
|
| LEADER |
02029cas a2200253 a 4500 |
| 001 |
AALejournalIMF016571 |
| 008 |
230101c9999 xx r poo 0 0eng d |
| 020 |
|
|
|c 5.00 USD
|
| 020 |
|
|
|z 9781484395073
|
| 022 |
|
|
|a 1018-5941
|
| 040 |
|
|
|a BD-DhAAL
|c BD-DhAAL
|
| 100 |
1 |
|
|a Hashimoto, Yuko.
|
| 245 |
1 |
4 |
|a The Financial Wealth of Corporations :
|b A First Look at Sectoral Balance Sheet Data /
|c Yuko Hashimoto, Noriaki Kinoshita.
|
| 264 |
|
1 |
|a Washington, D.C. :
|b International Monetary Fund,
|c 2016.
|
| 300 |
|
|
|a 1 online resource (29 pages)
|
| 490 |
1 |
|
|a IMF Working Papers
|
| 500 |
|
|
|a <strong>Off-Campus Access:</strong> No User ID or Password Required
|
| 500 |
|
|
|a <strong>On-Campus Access:</strong> No User ID or Password Required
|
| 506 |
|
|
|a Electronic access restricted to authorized BRAC University faculty, staff and students
|
| 520 |
3 |
|
|a This paper analyzes the nonfinancial corporation (NFC) sector's financial balance sheets using data available from the OECD. In our sample of 20 advanced economies, corporate debt in percent of GDP-a frequently used indicator in the context of corporate balance sheet adjustments-has remained high since the global financial crisis, with significant differences in the level and the trend between the high-debt and low-debt groups. Looking at financial balance sheets more broadly, including net financial wealth, the NFC sector's balance sheet conditions have improved recently, particularly reflecting accumulation of corporate cash and valuation gains on financial assets. Longer time series and more granular data for Japan, which has been experiencing a prolonged period of balance sheet adjustments, indicate that a continued strengthening of balance sheets might occur even after debt levels are reduced.
|
| 538 |
|
|
|a Mode of access: Internet
|
| 700 |
1 |
|
|a Kinoshita, Noriaki.
|
| 830 |
|
0 |
|a IMF Working Papers; Working Paper ;
|v No. 2016/011
|
| 856 |
4 |
0 |
|z Full text available on IMF
|u http://elibrary.imf.org/view/journals/001/2016/011/001.2016.issue-011-en.xml
|z IMF e-Library
|